Basic technical physics (Record no. 7999)

000 -LEADER
fixed length control field 00442nam a2200181 a 4500
001 - CONTROL NUMBER
control field 7999
003 - CONTROL NUMBER IDENTIFIER
control field BD-DhUET
008 - FIXED-LENGTH DATA ELEMENTS--GENERAL INFORMATION
fixed length control field 820401s1983 nyua 001 0 eng
020 ## - INTERNATIONAL STANDARD BOOK NUMBER
International Standard Book Number 0070649715
040 ## - CATALOGING SOURCE
Original cataloging agency DLC
Transcribing agency DLC
Modifying agency DB-DhUET
082 ## - DEWEY DECIMAL CLASSIFICATION NUMBER
Classification number 530
Item number TIP/1983
100 1# - MAIN ENTRY--PERSONAL NAME
Personal name Tippens, Paul E.
245 10 - TITLE STATEMENT
Title Basic technical physics
260 ## - PUBLICATION, DISTRIBUTION, ETC. (IMPRINT)
Place of publication, distribution, etc. New York
Name of publisher, distributor, etc. McGraw-Hill
Date of publication, distribution, etc. 1983
300 ## - PHYSICAL DESCRIPTION
Extent vii, 502 p.
Other physical details ill.
Dimensions 25 cm.
650 #0 - SUBJECT ADDED ENTRY--TOPICAL TERM
Topical term or geographic name as entry element Physics
942 ## - ADDED ENTRY ELEMENTS (KOHA)
Koha item type General Book
Holdings
Withdrawn status Shelving location Damaged status Koha normalized classification for sorting Sublocation or collection (holding branch) Source of classification or shelving scheme Location (home branch) Piece designation (barcode) Lost status Koha date last seen Koha item type Price effective from Koha full call number Copy number Not for loan Date acquired
   530_000000000000000_TIP_1983Central Library, BUET Central Library, BUET81437 2015-01-10Contented Book 2015-01-10530/TIP/19831 2015-01-10
   530_000000000000000_TIP_1983Central Library, BUET Central Library, BUET81436 2015-01-10Contented Book 2015-01-10530/TIP/19832 2015-01-10
 Circulation section 530_000000000000000_TIP_1983Central Library, BUET Central Library, BUET81438 2015-03-24General Book2015-03-24530/TIP/19833 2015-03-24